000
00326nam a2200133Ia 4500
005
20251222155153.0
008
251222s9999||||xx |||||||||||||| ||spa||
082
_a
ADM. 17
100
_a
TAYLOS, F. W.
245
0
_a
Principios de la Administración Científica
250
_a
1ra. ed.
264
_b
Ed.Harcourt
942
_c
LIB
999
_c
39658
_d
39658